000 00864cam a22002771 4500
001 1751
003 BD-RjUL
005 20211208233414.0
008 131209s1966 xx 001 0 eng
035 _a(BD-RjUL)1778
035 _a(OCoLC)3115312
040 _aDLC
_cPCvA
_dOCoLC
_dDLC
_dBD-RjUL
_beng
041 _aeng
082 _220
_a001.091821
_bLIE
100 1 _aLively, Jack,
_95793
245 0 4 _aThe enlightenment /
_cJack Lively
260 _aNew York :
_bBarnes & Noble,
_cc1966
300 _axvi, 200 p. ;
_c22 cm.
490 0 _aProblems and perspectives in history
504 _aIncludes bibliography: (p. 196-197) and index.
650 0 _aEnlightenment.
_95794
856 4 _3WordlCat details.
_uhttp://www.worldcat.org/title/enlightenment/oclc/370553&referer=brief_results
942 _2ddc
_cBK
999 _c1751
_d1751